| 000 | 00532nam a2200169Ia 4500 | ||
|---|---|---|---|
| 008 | 210210b1993 xxu||||| |||| 00| 0 eng d | ||
| 020 | _a0 333 54142 1 | ||
| 082 | _a820.9 PECM | ||
| 100 | _aPECK (John) | ||
| 245 | _aMrs Dalloway & to the lighthouse-Virginia Woolf : New casebooks ed by Su Ried. | ||
| 260 |
_aLondon _bMacmillan Press Ltd _c1993 |
||
| 300 | _axi,168 | ||
| 650 | _aMrs Dalloway & to the lighthouse critical Essays New Case Books | ||
| 690 | _aEnglish Criticism | ||
| 700 | _aCOYLE (Martin). | ||
| 906 | _a056037 | ||
| 999 |
_c103633 _d103633 |
||